000 00848nam a2200241Ia 4500
003 OSt
005 20220930064411.0
006 a|||||r|||| 00| 0
007 ta
008 220926b |||||||| |||| 00| 0 eng d
024 _a4164
037 _cTheses
040 _aCRL
_cCRL
_beng
041 _2eng
_aeng
100 _aGupta Ghanshyam Das
_9524443
110 _aUniversity of Delhi. Faculty of Science. Department of Anthropology
_9144926
245 0 _aDermatoglyphic investigation on configurational complexes and terminal triradius on the fingertip area in relationship with the A-L-W configuratuional complexes on fingerballs
260 _c1974
650 _aANTHROPOLOGY
700 _aUniversity of Delhi. Faculty of Science. Department of Anthropology
_9144928
942 _cDIS
_2CC
999 _c858137
_d858137